[Event "Moravia-Silesia Region-chT 2223"]
[Site "Czech Republic"]
[Date "2022.11.13"]
[Round "3"]
[White "Rell, Martin"]
[Black "Folwarczny, Jiri"]
[Result "1/2-1/2"]
[WhiteElo "1764"]
[BlackElo "1775"]
[PlyCount "30"]
[EventDate "2022.10.09"]
[EventType "team-tourn"]
[EventRounds "11"]
[EventCountry "CZE"]
[SourceTitle "EXT 2024"]
[Source "ChessBase"]
[SourceDate "2023.10.10"]
[SourceVersion "1"]
[SourceVersionDate "2023.10.10"]
[SourceQuality "1"]
[WhiteTeam "Opava Slezan"]
[BlackTeam "Karvina"]
[WhiteTeamCountry "CZE"]
[BlackTeamCountry "CZE"]

1. c4 g6 2. g3 Bg7 3. Bg2 e5 4. Nc3 Nf6 5. Nf3 d6 6. d4 exd4 7. Nxd4 Nbd7 8. 0-0 0-0 9. b3 Nc5 10. Bb2 Rb8 11. Qd2 Re8 12. Rae1 Bd7 13. e4 a6 14. b4 Ne6 15. Nd5 Nxd4 1/2-1/2

[Event "CZE-chT2F 2122"]
[Site "Czech Republic"]
[Date "2022.01.16"]
[Round "6.8"]
[White "Folwarczny, Jiri"]
[Black "Neuschl, Zdenek"]
[Result "1/2-1/2"]
[WhiteElo "1740"]
[BlackElo "2123"]
[PlyCount "31"]
[EventDate "2021.10.17"]
[EventType "team-tourn"]
[EventRounds "11"]
[EventCountry "CZE"]
[SourceTitle "EXT 2024"]
[Source "ChessBase"]
[SourceDate "2023.10.10"]
[SourceVersion "1"]
[SourceVersionDate "2023.10.10"]
[SourceQuality "1"]
[WhiteTeam "Karvina"]
[BlackTeam "Ostrava"]
[WhiteTeamCountry "CZE"]
[BlackTeamCountry "CZE"]

1. e4 Nc6 2. Nf3 d6 3. d4 Nf6 4. Nc3 Bg4 5. Be2 e6 6. Bg5 Be7 7. 0-0 h6 8. Be3 d5 9. exd5 exd5 10. Nd2 Bf5 11. a3 Qd7 12. b4 0-0 13. Re1 Rfe8 14. Nf1 Nd8 15. Ng3 Bg6 16. Bd3 1/2-1/2

[Event "CZE-chT2F 1920"]
[Site "Czech Republic"]
[Date "2019.10.13"]
[Round "1.8"]
[White "Folwarczny, Jiri"]
[Black "Gerych, Jan"]
[Result "0-1"]
[WhiteElo "1727"]
[BlackElo "2004"]
[PlyCount "114"]
[EventDate "2019.10.13"]
[EventType "team-tourn"]
[EventRounds "11"]
[EventCountry "CZE"]
[SourceTitle "EXT 2024"]
[Source "ChessBase"]
[SourceDate "2023.10.10"]
[SourceVersion "1"]
[SourceVersionDate "2023.10.10"]
[SourceQuality "1"]
[WhiteTeam "Karvina"]
[BlackTeam "Litovel Tatran"]
[WhiteTeamCountry "CZE"]
[BlackTeamCountry "CZE"]

1. e4 c5 2. Nc3 Nc6 3. f4 e6 4. Nf3 d5 5. Bb5 Nge7 6. 0-0 d4 7. Ne2 a6 8. Bxc6+ Nxc6 9. d3 Be7 10. a3 0-0 11. Qe1 b5 12. Ng3 f5 13. e5 Bb7 14. Bd2 Kh8 15. Nh1 Qd5 16. Nf2 Nd8 17. Nh3 Nf7 18. Qg3 Rac8 19. Nhg5 Nxg5 20. Nxg5 h6 21. Nf3 Kh7 22. Rf2 Qd8 23. Qh3 Bxf3 24. Rxf3 g5 25. fxg5 Bxg5 26. Bxg5 Qxg5 27. Qg3 f4 28. Qxg5 hxg5 29. Raf1 Rf5 30. h4 Kg6 31. hxg5 Kxg5 32. Re1 Rd8 33. Rf2 Rd5 34. Rfe2 Kg4 35. Kf2 Rg5 36. Re4 Kf5 37. Kf3 Rg3+ 38. Kf2 Re3 39. Rh1 Rxe4 40. Rh5+ Kg6 41. dxe4 Rd8 42. Rh4 Kg5 43. Rh7 c4 44. Re7 d3 45. cxd3 Rxd3 46. Rxe6 Rd2+ 47. Kf1 Rxb2 48. Rxa6 c3 49. Rc6 Rb3 50. Rc8 Rxa3 51. Rg8+ Kh4 52. Ke2 b4 53. e6 b3 54. Rc8 b2 55. Rxc3 b1Q 56. Kd2 Qxe4 57. Rxa3 Kg5 0-1